000
00327nam a22001457a 4500
008
250417b ||||| |||| 00| 0 eng d
020
_a
9789951059237
041
_a
SHQIPE
080
_2
2024
_a
82PAV
082
_2
82PAV
_a
82PAV
100
_a
01
101
_a
GJUHE SHQIPE
245
_a
SHOKU
_c
CESARE PAVESE
942
_2
udc
_c
BK
999
_c
60666
_d
60666